Electric and magnetic properties of nickel and nickel-plladium nanowires deposited in anodic aluminum oxide template / (Rekord nr 6935)
| 000 -ETYKIETA REKORDU | |
|---|---|
| podpole kontrolne o stałej długości | 01327nab a2200241 i 4500 |
| 001 - NUMER KONTROLNY REKORDU | |
| podpole kontrolne | BPP |
| 003 - IDENTYFIKATOR NUMERU KONTROLNEGO REKORDU | |
| podpole kontrolne | BPK |
| 005 - DATA OSTATNIEJ MODYFIKACJI REKORDU | |
| podpole kontrolne | 20191005121919.0 |
| 008 - POLE O STAŁEJ DŁUGOŚCI - DANE KONTROLNE | |
| podpole kontrolne o stałej długości | 151208s2012 pl | | |000 ||eng |
| 040 ## - ŹRÓDŁO KATALOGOWANIA | |
| Instytucja, która utworzyła rekord | BPK |
| 041 ## - KOD JĘZYKA | |
| Kod języka tekstu | eng |
| 044 ## - KOD KRAJU WYDAWCY/PRODUCENTA | |
| Kod kraju wydawcy/producenta | POL |
| 080 ## - UNIWERSALNA KLASYFIKACJA DZIESIĘTNA - UKD | |
| UKD | 543.42 |
| 100 ## - NAZWA OSOBOWA | |
| Nazwa osobowa | Patryn, Aleksy |
| Określenie rodzaju współpracy | Autor |
| Lata pracy | 1996 - . |
| Instytucja | Politechnika Koszalińska - Wydział Elektroniki i Informatyki, |
| Wydział | Katedra Podstaw Elektroniki |
| 245 ## - TYTUŁ/ODPOWIEDZIALNOŚĆ | |
| Tytuł | Electric and magnetic properties of nickel and nickel-plladium nanowires deposited in anodic aluminum oxide template / |
| Pozostałe elementy strefy tytułu i oznaczenia odpowiedzialności | Vadim Bayev, Julia Fedotova, Aleksei Maximenko, Eugenij Streltsov, Mikolai Malashchonak, Igor Azarko, Alexander Fedotov, Ivan Svito, Aleksy Paryn, Pavel Apel, Serguey Tyutyunnikov, Momir Milosavljević. |
| 260 ## - STREFA ADRESU WYDAWNICZEGO | |
| Data publikacji, dystrybucji/powstania dokumentu | 2012. |
| 500 ## - UWAGI OGÓLNE | |
| Tekst uwagi | Dane z autopsji. |
| 520 ## - UWAGA DOTYCZĄCA TREŚCI DOKUMENTU | |
| Analiza dokumentacyjna, adnotacja itp. | W artykule opisano strukturę, właściwości elektryczne i magnetyczne uporządkowanych Ni NI-Pd nanostruktur syntezowanych metodą elektronicznego nanoszenia w porowatej matryce z utlenionego aluminium anodu. Matryca została wypełniona Ni lub Ni-Pd mieszanką z wykorzystaniem prądu zmiennego. |
| 650 #0 - HASŁO PRZEDMIOTOWE W FORMIE NAZWY OGÓLNEJ LUB JEDNOSTKOWEJ | |
| Nazwa ogólna lub geograficzna | Aluminium. |
| 650 ## - HASŁO PRZEDMIOTOWE W FORMIE NAZWY OGÓLNEJ LUB JEDNOSTKOWEJ | |
| Nazwa ogólna lub geograficzna | Prądy zmienne. |
| 773 ## - TYTUŁ DOKUMENTU MACIERZYSTEGO | |
| Wyrażenie wprowadzające | W : |
| Tytuł | Zeszyty Naukowe Wydziału Elektroniki i Informatyki Politechniki Koszalińskiej. - |
| Informacje dotyczące relacji | 2012, nr 4, s. 43-53 |
| 942 ## - HASŁO DODATKOWE - ELEMENTY(KOHA) | |
| Typ dokumentu | Artykuł |
| Schemat klasyfikacji | Uniwersalna klasyfikacja dziesiętna |
| Wycofany | Zagubiony | Uszkodzony | Dostępność | Lokalizacja stała | Lokalizacja bieżąca | Sygnatura | Typ dokumentu |
|---|---|---|---|---|---|---|---|
| Dostępny | Bibliografia Prac Pracowników - BPK | Bibliografia Prac Pracowników - BPK | 01547 | Artykuł |
